00383nam a22001577a 4500003000500000005001700005008004100022020001800063040000600081082001600087100002400103245003300127260003000160300000900190650002600199CEME20210628205948.0210209b xxu||||| |||| 00| 0 eng d a0-471-07991-X c. a620.112 NEA aNeathery, Raymond.F aApplied stength of materials aNEWYORKbJOHN WILEYc1982 a419P aSTERNGTH OF MATERIALS